000 00842nam a22002411i 4500
001 182864
003 ES-MaACL
005 20250808082015.0
008 131120s1975 sp |||| | spa d
080 _a347.243(04)
080 _a63:338:98(04)
080 _a338.98:63(04)
100 1 _aBallarín Marcial, Alberto.
_924977
_eaut
245 1 0 _aEstudios de derecho agrario y política agraria /
_cAlberto Ballarín Marcial.
260 _aMadrid :
_b[s.n.],
_c1975
_e(Zaragoza :
_fImp. Tipo-Línea)
300 _a1026 p. ;
_c25 cm.
650 7 _aDerecho agrario
_2embne
_9153855
650 0 4 _aPolítica agraria.
_916285
852 _aES-MaACL
_cDEPO2
_gDed. manuscrita del autor a José Prat
_hDonat. herederos José Prat
_jE-5342
942 _2udc
_cMONOGRAFIA
_n0
999 _c182864
_d182864